| 000 | 00496nam a2200169Ia 4500 | ||
|---|---|---|---|
| 003 | GCL | ||
| 008 | 140319s9999 xx 000 0 eng d | ||
| 040 |
_aGCL / _cGCL |
||
| 082 | 0 | 4 |
_a796.07 _bL P |
| 100 | 1 | _aLINPKIN, ANGELA | |
| 245 | 1 | 0 |
_aPHYSICAL EDUCATION AND SPORT: A CONTEMPORARY INTRODUCTION 3third EDITION / _cLINPKIN, ANGELA |
| 260 |
_a[S.N] : _bMOSBY -YEAR BOOK , JNC ، _c1994 |
||
| 300 | _a396 P | ||
| 650 | 0 | 4 | _aSPORTS |
| 650 | 0 | 4 | _aPHYSICAL EDUCATION AND TRANING |
| 942 |
_2ddc _cBK |
||
| 999 |
_c12054 _d12054 |
||